000 00790nam a2200253Ia 4500
003 OSt
005 20220918165539.0
006 a|||||r|||| 00| 0
007 ta
008 220917b |||||||| |||| 00| 0 eng d
020 _a8126019433 (hbk)
_c130
024 _a238,494
037 _bB267, 14/01/2009, Bharat Pustak Bhandar
_cTextual
040 _aARTS
_cARTS
_beng
041 _2eng
_aeng
082 _aO111944,6xM, P4
100 _aRamanan Mohan
_924736
245 0 _aNineteenth century Indian English prose
_b A selection
260 _aDelhi
_bSahitya Akademi India
_c2004
300 _a247p.
_ccm.
650 _aENGLISH LITERATURE
942 _hO111944,6xM, P4
_cTEXL
_2CC
999 _c130322
_d130322